LEADER 00813nam1-22003011i-450- 001 990000095460403321 035 $a000009546 035 $aFED01000009546 035 $a(Aleph)000009546FED01 035 $a000009546 100 $a20011111d--------km-y0itay50------ba 101 0 $aita 105 $ay-------001yy 200 1 $aNouveau manuel complet du menuisier, de l'ébéniste et du layetier$fpar Nosban. 210 $aParis$cRoret$d1843- 215 $av.$d15 cm 225 1 $aManuels Roret 463 \1$1001990000219890403321$12001 $a2. : 338 p., 15 tav. : ill. 610 0 $aLegnami$aLavorazione 610 0 $aEbanisteria 676 $a740 700 1$aNosban 801 0$aIT$bUNINA$gRICA$2UNIMARC 901 $aBK 912 $a990000095460403321 959 $aFINBC 997 $aUNINA DB $aING01 LEADER 00792nam2 22002651i 450 001 990002009960403321 005 20190920115354.0 100 $a20030910g19409999km-y0itay50------ba 101 0 $aeng 102 $aUS 105 $ay---a---001yy 200 1 $aProtozoa through ctenophora$fLibbie Henrietta Hyman$v1 210 $aNew York ; London$cMcGraw-Hill Book Company$d1940 215 $av.1$d726 p.$d23 cm 461 1$1001200995$12001$a<>invertebrates$v1 610 0 $aInvertebrati$aProtozoi$aCtenophora 676 $a593.8 700 1$aHyman,$bLibbie Henrietta$084638 801 0$aIT$bUNINA$gRICA$2UNIMARC 901 $aBK 912 $a990002009960403321 952 $a61 II B.1/01$b2099$fDAGEN 959 $aDAGEN 996 $aProtozoa through ctenophora$9402572 997 $aUNINA